00387nam a2200157Ia 4500008004100000020001800041040001900059041001200078082001700090100001000107245002200117260003000139300002400169650001300193850002300206131103s9999 xx 000 0 und d a0 00 171309 4 aLoreto College aEnglish aCHBKb#NAME? aSeuss aHop on popcSeuss aNew York bCollins c1964 a62p.b ill.c 22cm. aCHBK - 1 aLCBED/CHBK - 1/SEU